ឥទ្ធិពលជីហ្វូសស្វាតលើដំណាំស្រូវក្បាលពោធិ តាកែវ (Record no. 52)
[ view plain ]
| 000 -LEADER | |
|---|---|
| fixed length control field | 00502nam a22001577a 4500 |
| 003 - CONTROL NUMBER IDENTIFIER | |
| control field | OSt |
| 005 - DATE AND TIME OF LATEST TRANSACTION | |
| control field | 20150905161012.0 |
| 008 - FIXED-LENGTH DATA ELEMENTS--GENERAL INFORMATION | |
| fixed length control field | 150905b xxu||||| |||| 00| 0 eng d |
| 040 ## - CATALOGING SOURCE | |
| Transcribing agency | RUA |
| 082 ## - DEWEY DECIMAL CLASSIFICATION NUMBER | |
| Classification number | AGR ជា 1991 B002 Or.1 |
| 100 ## - MAIN ENTRY--PERSONAL NAME | |
| 9 (RLIN) | 55 |
| Personal name | ជា សុផុន |
| 245 ## - TITLE STATEMENT | |
| Title | ឥទ្ធិពលជីហ្វូសស្វាតលើដំណាំស្រូវក្បាលពោធិ តាកែវ |
| 260 ## - PUBLICATION, DISTRIBUTION, ETC. (IMPRINT) | |
| Place of publication, distribution, etc. | Phnom Penh |
| Name of publisher, distributor, etc. | RUA |
| Date of publication, distribution, etc. | 1991 |
| 300 ## - PHYSICAL DESCRIPTION | |
| Extent | 53p. |
| Other physical details | ill. |
| Dimensions | 29cm. |
| 942 ## - ADDED ENTRY ELEMENTS (KOHA) | |
| Source of classification or shelving scheme | |
| Koha item type | AGR |
| Price effective from | Date last seen | Permanent Location | Not for loan | Date acquired | Source of classification or shelving scheme | Koha item type | Lost status | Withdrawn status | Date last checked out | Total Checkouts | Shelving location | Damaged status | Barcode | Current Location | Full call number |
|---|---|---|---|---|---|---|---|---|---|---|---|---|---|---|---|
| 2015-09-05 | 2015-09-05 | Library Block B | 2015-09-05 | AGR | B002 | RUA003721 | Library Block B | AGR ជា 1991 B002 Or.1 | |||||||
| 2015-09-05 | 2015-09-05 | Library Block B | 2015-09-05 | AGR | B002 | RUA003793 | Library Block B | AGR ជា 1991 B002 Or.2 | |||||||
| 2015-09-05 | 2022-01-24 | Library Block B | 2015-09-05 | AGR | 2022-01-11 | 1 | B002 | RUA003875 | Library Block B | AGR ជា 1991 B002 Or.3 | |||||
| 2015-09-05 | 2015-09-05 | Library Block B | 2015-09-05 | AGR | B002 | RUA003874 | Library Block B | AGR ជា 1991 B002 Or.4 | |||||||
| 2015-09-05 | 2015-09-05 | Library Block B | 2015-09-05 | AGR | B002 | RUA005502 | Library Block B | AGR ជា 1991 B002 Or.5 | |||||||
| 2015-09-05 | 2015-09-05 | Library Block B | 2015-09-05 | AGR | B002 | RUA003947 | Library Block B | AGR ជា 1991 B002 Or6 | |||||||
| 2015-09-05 | 2015-09-05 | Library Block B | 2015-09-05 | AGR | B002 | RUA005820 | Library Block B | AGR ជា 1991 B002 Or.7 |